000 00233nam a22001097a 4500
082 _a297.5ALI
100 _aAl-Daffa Ali.A
245 _aStudies in Exat Sciences in Medieval
260 _aSandi
_c1984
300 _a243
942 _cBK
999 _c14043
_d14043